000 01453nam a2200313 i 4500
001 154059
003 ES-MaACL
005 20250809040613.0
008 931025s1750 sz |||| | lat d
100 1 _aFernández de Otero, Antonio.
_949700
245 1 0 _aD. Antonii Fernandez de Otero... Tractatus de officialibus reipublicae necnon oppidorum utriusque castellae tum de eorundem electione, usu et exercitio... ; [Tractatus de Pascuis et Iure Pascendi /
_ccum notis et additionibus Vincentii Bondeni...].
250 _aEditio nova, auctior et accuratior.
260 _aColoniae Allobrogum :
_bapud fratres de Tournes,
_c1750.
300 _a1 v. ([8], 226 p.; [20], 352 p.) ;
_cFol. (36 cm)
594 _aTít. en antep.: "D. Antonii Fernandez de Otero Opera Iuridica duobus tomus digesta"
594 _aSegunda obra con port. y pág. propia.
596 _aMarca tip. en port.
597 _aSign.: [parágrafo]4, A-S6, T5; ã6, e4, A-Z6, 2A-2E6, 2F8.
597 _aTexto a dos col.
597 _aPort. a dos tintas.
650 7 _aDerecho civil
_2embne
_911656
650 4 _aPastoreo-
_vLegislación-
_yS.XVIII.
_9155180
650 4 _aPastos-
_vLegislación-
_yS.XVIII.
_9155181
700 1 _aBondeni, Vicente.
_9126059
740 0 _aTractatus de officialibus reipublicae...
740 0 _aTractatus de Pascuis et Iure Pascendi.
852 _aES-MaACL
_jR-1531
_z-- Enc. perg.
_x-- Olim: G-4632
999 _c154059
_d154059